000 00284nam a22001217a 4500
008 181101b xxu||||| |||| 00| 0 eng d
041 _aeng
080 _a611
100 _a6
101 _aANA
245 _aCorrelative Anatomy Of The Nervous System
_cLawer.H
942 _2udc
_cBK
999 _c51444
_d51444